The summertime cookbook : elegant but easy dining--indoors and out /

Bibliographic Details
Main Author: Burros, Marian Fox
Other Authors: Levine, Lois
Format: Book
Language:English
Published: New York : London : Collier Books ; Collier Macmillan, 1980
Edition:1st Collier Books ed.
Subjects:

MARC

Tag First Indicator Second Indicator Subfields
LEADER 00000cam a2200000 i 4500
001 in00000012884
005 20151007052257.0
008 790827c19801972nyua 00110 eng
010 |a  79020799  
020 |a 0020111908 
035 |a (OCoLC)05411966 
035 |9 AAA7081AM 
040 |a DLC  |c DLC  |d m.c.  |d TXA  |d UtOrBLW 
049 |a TXAM  |c [A11031689] 
050 0 0 |a TX823  |b .B88 1980 
082 0 |a 641.5 
100 1 |a Burros, Marian Fox. 
245 1 4 |a The summertime cookbook :  |b elegant but easy dining--indoors and out /  |c by Marian Burros and Lois Levine ; ill. by Rosalie Petrash Schmidt. 
250 |a 1st Collier Books ed. 
264 1 |a New York :  |b Collier Books ;  |a London :  |b Collier Macmillan,  |c 1980 
264 4 |c ©1972 
300 |a 224 pages :  |b illustrations ;  |c 21 cm. 
336 |a text  |b txt  |2 rdacontent 
337 |a unmediated  |b n  |2 rdamedia 
338 |a volume  |b nc  |2 rdacarrier 
500 |a Includes index. 
650 0 |a Picnics. 
650 0 |a Outdoor cooking. 
700 1 |a Levine, Lois. 
999 |a MARS 
999 f f |s 186c9588-269b-3493-8ca7-b50462a1c99a  |i 89e50ed9-9d10-38da-9ee9-0ae2aec3484d  |t 0 
952 f f |p normal  |a Texas A&M University  |b College Station  |c Sterling C. Evans Library  |d Evans: Library Stacks  |t 0  |e TX823 .B88 1980  |h Library of Congress classification  |i unmediated -- volume  |m A14811031689 
998 f f |a TX823 .B88 1980  |t 0  |l Evans: Library Stacks